| 000 | 00875cab a2200253 4500 | ||
|---|---|---|---|
| 001 | ABS50199 | ||
| 008 | 090401t1994 xxu||||| |||| 00| 0 eng d | ||
| 035 | _a(Sirsi) u74577 | ||
| 041 | _aeng | ||
| 100 | _aBlyth, A. | ||
| 245 | 4 | _aThe benefits of merging practices | |
| 260 | _c1994 | ||
| 350 | _a0 | ||
| 490 |
_aArchitects` Journal _v199(6) 9 February 1994, 9-27(3) |
||
| 520 | _aTwo architectural practices, Austin-Smith:Lord and Chamberlain Powell Bon Woods have merged. This article discovers the background to the merger and the work and clients each firm has brought to the new set-up. | ||
| 650 | _aARCHITECTS | ||
| 650 | _aARCHITECTURAL PRACTICES | ||
| 650 | _aAUSTIN-SMITH:LORD | ||
| 650 | _aCHAMBERLAIN POWELL BON WOODS | ||
| 650 | _aMERGERS | ||
| 690 | _aMANAGEMENT-BUSINESS MANAGEMENT-PROFESSIONAL PRACTICE | ||
| 942 | _n0 | ||
| 948 | _c04/03/1997 | ||
| 999 |
_c47006 _d47006 |
||